Deletrea el nombre del país de la miniatura - Estadísticas

Estadísticas generales
  • Esta prueba ha sido intentada 192 veces
  • La puntuación promedio es 10 de 13
Estadísticas de respuestas
Respuesta % Correcto
L
100%
i
96%
e
92%
c
89%
h
88%
t
82%
e
80%
n
73%
s
71%
t
70%
e
69%
n
69%
i
68%
No se encontraron pruebas coincidentes
Distribución de puntuación
Porcentaje de gente con cada puntuación
Porcentaje por número respondido
Historial de tus puntuaciones
No has intentado esta prueba.